[Event "14th Ugra Governor's Cup"]
[Site "Khanty-Mansiysk RUS"]
[Date "2018.11.20"]
[Round "4.10"]
[White "Svetlov, Dmitry"]
[Black "Ovod, Evgenija"]
[Result "1-0"]
[WhiteTitle "IM"]
[BlackTitle "IM"]
[WhiteElo "2384"]
[BlackElo "2379"]
[WhiteFideId "24102610"]
[BlackFideId "4131827"]
[EventDate "2018.11.17"]

1. c4 f5 2. d4 e6 3. g3 Nf6 4. Bg2 c6 5. Qc2 d5 6. Nh3 Bd6 7. O-O O-O 8. Bf4 Be7
9. Nc3 dxc4 10. e4 Qxd4 11. Rad1 Qc5 12. exf5 Qxf5 13. Qe2 Nd5 14. Qxc4 Nd7 15.
Rfe1 Kh8 16. Qe2 Nxc3 17. bxc3 e5 18. g4 Qf7 19. Bg3 h6 20. f4 Bc5+ 21. Kh1 exf4
22. Nxf4 Nf6 23. Qe5 Bb6 24. g5 Ng4 25. Qd6 Bf5 26. Re7 Qc4 27. Ng6+ Kg8 28.
Nxf8 Rxf8 29. gxh6 gxh6 30. Rd5 Qxa2 31. h3 Ne3 32. Rd2 Qb1+ 33. Kh2 Ng4+ 34.
hxg4 Bg1+ 35. Kh3 Bxg4+ 36. Kh4 Qf5 37. Qxh6 Bb6 38. Qd6 1-0

[Event "14th Ugra Governor's Cup"]
[Site "Khanty-Mansiysk RUS"]
[Date "2018.11.21"]
[Round "5.1"]
[White "Sjugirov, Sanan"]
[Black "Timofeev, Artyom"]
[Result "1-0"]
[WhiteTitle "GM"]
[BlackTitle "GM"]
[WhiteElo "2654"]
[BlackElo "2580"]
[WhiteFideId "4189302"]
[BlackFideId "4140419"]
[EventDate "2018.11.17"]

1. e4 e5 2. Nf3 Nf6 3. Nxe5 d6 4. Nf3 Nxe4 5. Nc3 Nxc3 6. dxc3 Be7 7. Be3 Nc6 8.
Qd2 Be6 9. O-O-O Qd7 10. Kb1 a6 11. Nd4 Nxd4 12. Bxd4 O-O 13. Be2 d5 14. Rhe1
Rfe8 15. Bf3 c6 16. g4 Qd8 17. Be2 c5 18. Be5 Qa5 19. a3 Rad8 20. Qf4 Rd7 21. g5
Qd8 22. h4 g6 23. Bg4 Bd6 24. Bxd6 Rxd6 25. Bf3 d4 26. h5 gxh5 27. Bxh5 Qd7 28.
Bf3 Rd8 29. cxd4 cxd4 30. Be4 Bg4 31. f3 Bh5 32. Bf5 Qc6 33. Bxh7+ Kxh7 34. Rh1
Kg8 35. Rxh5 d3 36. c4 Re8 37. Qh4 1-0

[Event "14th Ugra Governor's Cup"]
[Site "Khanty-Mansiysk RUS"]
[Date "2018.11.21"]
[Round "5.2"]
[White "Sarana, Alexey"]
[Black "Predke, Alexandr"]
[Result "1/2-1/2"]
[WhiteTitle "GM"]
[BlackTitle "GM"]
[WhiteElo "2631"]
[BlackElo "2604"]
[WhiteFideId "24133795"]
[BlackFideId "24107581"]
[EventDate "2018.11.17"]

1. d4 d5 2. Nf3 Nf6 3. c4 dxc4 4. e3 e6 5. Bxc4 c5 6. O-O Nc6 7. Nc3 a6 8. dxc5
Qxd1 9. Rxd1 Bxc5 10. Nd2 O-O 11. Nb3 Be7 12. f3 Rd8 13. e4 Rxd1+ 14. Nxd1 Bd7
15. Be3 Rc8 16. Bf1 Nb4 17. Bf2 e5 18. a3 Be6 19. Na5 Nc2 20. Rc1 Nd4 21. Rxc8+
Bxc8 22. Nc4 Nc6 23. Nc3 Be6 24. Nb6 Nd7 25. Nca4 Nxb6 26. Bxb6 Nb8 27. Nc5 Nd7
28. Nxd7 Bxd7 29. Bc4 Bc6 30. b4 Kf8 31. Kf2 Ke8 32. Ke3 Bg5+ 33. Kd3 Bc1 34.
Kc3 Bf4 35. h3 Bg5 36. Kb3 Be7 37. a4 f6 38. b5 axb5 39. axb5 Bd7 40. Ka4 Bc8
41. Bg8 h6 42. Bd5 Kd7 43. Kb3 Bd6 44. Kc4 Bc7 45. Bc5 Bd6 46. b6 Bxc5 47. Kxc5
g5 48. Bc4 Ke7 49. Bb5 Be6 50. Ba4 1/2-1/2

[Event "14th Ugra Governor's Cup"]
[Site "Khanty-Mansiysk RUS"]
[Date "2018.11.21"]
[Round "5.4"]
[White "Drygalov, Andrey"]
[Black "Rakhmanov, Aleksandr"]
[Result "1/2-1/2"]
[WhiteTitle "IM"]
[BlackTitle "GM"]
[WhiteElo "2497"]
[BlackElo "2634"]
[WhiteFideId "24171735"]
[BlackFideId "4173708"]
[EventDate "2018.11.17"]

1. e4 d5 2. exd5 Qxd5 3. Nc3 Qd6 4. d4 Nf6 5. Nf3 g6 6. Nb5 Qb6 7. a4 c6 8. a5
Qd8 9. Nc3 Bg7 10. h3 Nd5 11. Ne4 Bf5 12. Ng3 Bc8 13. Ne4 Bf5 14. Ng3 Bc8 15.
Ne4 1/2-1/2

[Event "14th Ugra Governor's Cup"]
[Site "Khanty-Mansiysk RUS"]
[Date "2018.11.21"]
[Round "5.5"]
[White "Volkov, Sergey"]
[Black "Svetlov, Dmitry"]
[Result "1-0"]
[WhiteTitle "GM"]
[BlackTitle "IM"]
[WhiteElo "2568"]
[BlackElo "2384"]
[WhiteFideId "4122763"]
[BlackFideId "24102610"]
[EventDate "2018.11.17"]

1. d4 d5 2. c4 c6 3. Nf3 Nf6 4. e3 e6 5. b3 Nbd7 6. Bb2 Bd6 7. Bd3 Ne4 8. O-O f5
9. Ne5 Qf6 10. f4 O-O 11. a3 Bxe5 12. dxe5 Qe7 13. b4 b6 14. Nc3 Bb7 15. cxd5
exd5 16. Bxe4 dxe4 17. Qb3+ Kh8 18. Rfd1 Rfd8 19. Rd6 Nf8 20. Rad1 Rd7 21. b5 c5
22. Rxd7 Nxd7 23. Rd6 Nf8 24. Nd5 Qf7 25. e6 Nxe6 26. Nc7 Qxc7 27. Qxe6 Rd8 28.
Bxg7+ 1-0

[Event "14th Ugra Governor's Cup"]
[Site "Khanty-Mansiysk RUS"]
[Date "2018.11.21"]
[Round "5.6"]
[White "Pridorozhni, Aleksei"]
[Black "Oganian, Miran"]
[Result "1-0"]
[WhiteTitle "GM"]
[BlackTitle "IM"]
[WhiteElo "2574"]
[BlackElo "2435"]
[WhiteFideId "4127870"]
[BlackFideId "4122488"]
[EventDate "2018.11.17"]

1. e4 c5 2. Nf3 d6 3. Bb5+ Nd7 4. a4 Nf6 5. Nc3 e6 6. a5 a6 7. Bc4 Nxe4 8. Nxe4
d5 9. d3 dxc4 10. dxc4 Qc7 11. Bg5 Be7 12. Bxe7 Kxe7 13. Qd2 h6 14. O-O Nf6 15.
Qe3 Nxe4 16. Qxe4 Rd8 17. Qh7 Kf6 18. Rfe1 Qf4 19. Ne5 Qf5 20. Qxf5+ exf5 21.
Nd3 Be6 22. b3 Rac8 23. f4 Rd6 24. Re5 Rdc6 25. Rae1 g6 26. Kf2 R6c7 27. g3 Rc6
28. Nb2 Ke7 29. Na4 f6 30. Rd5 Kf7 31. Rd3 Ke7 32. Red1 Rg8 33. Nb6 Rb8 34. R1d2
Re8 35. Ke1 Kf7 36. Kd1 h5 37. Kc1 Ke7 38. Kb2 Kf7 39. Ka3 Ke7 40. c3 Kf7 41.
Rd1 Ke7 42. Ka4 Kf7 43. R1d2 Ke7 44. b4 Kf7 45. Rd6 Rxd6 46. Rxd6 cxb4 47. cxb4
Ke7 48. Rd3 h4 49. b5 hxg3 50. hxg3 Rh8 51. Kb4 Rh1 52. Nd5+ Bxd5 53. Rxd5 Rh3
54. Kc5 axb5 55. cxb5 Rxg3 56. Kb6 Ra3 57. a6 bxa6 58. bxa6 Ke6 59. Ra5 Rb3+ 60.
Rb5 Rd3 61. a7 Rd8 62. Ka6 Ra8 63. Rb8 Rxa7+ 64. Kxa7 g5 65. Kb6 Kd5 66. Kb5 g4
67. Kb4 Ke4 68. Kc3 Kxf4 69. Kd2 Kg3 70. Ke2 f4 71. Kf1 Kh4 72. Rb5 f3 73. Kf2 1-0

[Event "14th Ugra Governor's Cup"]
[Site "Khanty-Mansiysk RUS"]
[Date "2018.11.21"]
[Round "5.7"]
[White "Lugovskoy, Maxim"]
[Black "Iljiushenok, Ilia"]
[Result "1-0"]
[WhiteTitle "GM"]
[BlackTitle "GM"]
[WhiteElo "2428"]
[BlackElo "2539"]
[WhiteFideId "24126454"]
[BlackFideId "24105074"]
[EventDate "2018.11.17"]

1. d4 Nf6 2. Nf3 g6 3. g3 Bg7 4. Bg2 O-O 5. O-O d6 6. b3 c5 7. Bb2 cxd4 8. Nxd4
d5 9. c4 e5 10. Nb5 a6 11. N5c3 d4 12. Nd5 Nxd5 13. cxd5 b5 14. e3 dxe3 15. fxe3
Qb6 16. Qe2 f5 17. Kh1 e4 18. Bxg7 Kxg7 19. Nc3 Nd7 20. g4 Qd6 21. gxf5 gxf5 22.
Qe1 Nf6 23. Ne2 Bd7 24. Nf4 Kh8 25. Bh3 Qe5 26. Rg1 Rg8 27. Qh4 Raf8 28. Raf1
Nxd5 29. Ng6+ Rxg6 30. Rxg6 Nxe3 31. Qh6 Rf7 32. Rc1 Nd5 33. Rcg1 Ne7 34. Rd6
Ng8 35. Qg5 Qe8 36. Bxf5 Bc6 37. Rxc6 1-0

[Event "14th Ugra Governor's Cup"]
[Site "Khanty-Mansiysk RUS"]
[Date "2018.11.21"]
[Round "5.9"]
[White "Loskutov, Oleg"]
[Black "Kabanov, Nikolai"]
[Result "0-1"]
[WhiteTitle "IM"]
[BlackTitle "GM"]
[WhiteElo "2383"]
[BlackElo "2481"]
[WhiteFideId "4122593"]
[BlackFideId "4127820"]
[EventDate "2018.11.17"]

1. e4 d6 2. d4 Nf6 3. Nc3 e5 4. Nf3 Nbd7 5. Bc4 Be7 6. O-O O-O 7. Re1 exd4 8.
Nxd4 Nb6 9. Bf1 Re8 10. a4 a5 11. h3 Nfd7 12. Nd5 Bf8 13. Bb5 c6 14. Bxc6 bxc6
15. Nxc6 Qh4 16. Nc7 Rxe4 17. Nxa8 Nxa8 18. Bd2 Nf6 19. Bc3 Nc7 20. Bxa5 Ne6 21.
Bc3 Rf4 22. Qd2 Ne4 23. Qe3 d5 24. g3 Qxh3 0-1

[Event "14th Ugra Governor's Cup"]
[Site "Khanty-Mansiysk RUS"]
[Date "2018.11.21"]
[Round "5.10"]
[White "Pshmahov, Osman"]
[Black "Belyakov, Bogdan"]
[Result "0-1"]
[BlackTitle "IM"]
[WhiteElo "2130"]
[BlackElo "2458"]
[WhiteFideId "44101759"]
[BlackFideId "24104795"]
[EventDate "2018.11.17"]

1. d4 d5 2. c4 c6 3. cxd5 cxd5 4. Nc3 Nc6 5. Bf4 e5 6. dxe5 d4 7. Ne4 Qa5+ 8.
Nd2 f6 9. exf6 Nxf6 10. e4 Nxe4 11. Nf3 Be6 12. Qe2 O-O-O 13. Qb5 Nxd2 14. Nxd2
Re8 15. Kd1 Bb4 16. Rc1 Bd5 17. Qxa5 Bxa5 18. Bc4 Bxg2 19. Rg1 Rhf8 20. Rxg2
Rxf4 21. Bd5 g6 22. Bxc6 bxc6 23. Rxc6+ Kb7 24. Rd6 Re7 25. a3 Ref7 26. f3 Bc7
27. Rd5 Kc6 28. Rgg5 Rh4 29. Rc5+ Kb7 30. Rb5+ Kc8 31. Rgd5 Rd7 32. Nf1 Rxd5 33.
Rxd5 Bxh2 34. Nxh2 Rxh2 35. b4 Rf2 36. Rxd4 Rxf3 37. a4 Rf7 38. Kc2 h5 39. Rd6
Rc7+ 40. Kb3 Rg7 41. Rf6 Kd7 42. Rf8 Ke6 43. Rh8 Kf5 44. b5 Kg4 45. a5 h4 46.
Kc4 h3 47. Kd5 g5 48. Kd6 Kg3 49. b6 axb6 50. axb6 g4 51. Ke5 Rb7 52. Rh6 h2 53.
Kd4 0-1

[Event "14th Ugra Governor's Cup"]
[Site "Khanty-Mansiysk RUS"]
[Date "2018.11.22"]
[Round "6.1"]
[White "Sarana, Alexey"]
[Black "Sjugirov, Sanan"]
[Result "1/2-1/2"]
[WhiteTitle "GM"]
[BlackTitle "GM"]
[WhiteElo "2631"]
[BlackElo "2654"]
[WhiteFideId "24133795"]
[BlackFideId "4189302"]
[EventDate "2018.11.17"]

1. d4 Nf6 2. c4 g6 3. Nc3 d5 4. cxd5 Nxd5 5. e4 Nxc3 6. bxc3 Bg7 7. Nf3 c5 8.
Be3 Qa5 9. Qd2 Nc6 10. Rb1 a6 11. Rc1 cxd4 12. cxd4 Qxd2+ 13. Kxd2 e6 14. d5
exd5 15. exd5 Ne5 16. Nxe5 Bxe5 17. g3 Bf5 18. Bd3 Bxd3 19. Kxd3 Kd7 20. f4 Bg7
21. f5 Rhe8 22. Rhf1 Rxe3+ 23. Kxe3 Bh6+ 24. Kd4 Bxc1 25. Rxc1 Re8 26. Rf1 Re2
27. fxg6 fxg6 28. Rf7+ Kd6 29. Rxb7 Rd2+ 30. Ke4 Re2+ 31. Kd4 Rd2+ 32. Ke4 Re2+
33. Kd4 1/2-1/2

[Event "14th Ugra Governor's Cup"]
[Site "Khanty-Mansiysk RUS"]
[Date "2018.11.22"]
[Round "6.2"]
[White "Predke, Alexandr"]
[Black "Rozum, Ivan"]
[Result "1-0"]
[WhiteTitle "GM"]
[BlackTitle "GM"]
[WhiteElo "2604"]
[BlackElo "2573"]
[WhiteFideId "24107581"]
[BlackFideId "24104272"]
[EventDate "2018.11.17"]

1. e4 c6 2. d4 d5 3. Nc3 dxe4 4. Nxe4 Bf5 5. Ng3 Bg6 6. h4 h6 7. Bd3 Bxd3 8.
Qxd3 e6 9. Bd2 Nf6 10. N1e2 Nbd7 11. O-O-O Qc7 12. Ne4 Nxe4 13. Qxe4 Nf6 14. Qf3
h5 15. Kb1 O-O-O 16. Nc1 Be7 17. Nb3 Rd7 18. c4 Qd8 19. Ka1 Qg8 20. Bf4 Qh7 21.
g3 Qf5 22. Qe3 Rhd8 23. d5 e5 24. Qxa7 exf4 25. Rhe1 c5 26. Rxe7 Rxe7 27. Nxc5
Qc2 28. Qa8+ Kc7 29. Qxb7+ Kd6 30. Qb6+ Ke5 31. Rg1 Ra8 32. gxf4+ Kxf4 33. Ne6+
Rxe6 34. dxe6 Qe4 35. exf7 Qe5 36. Qb4 Qb8 37. Qc5 Ng4 38. Qd4+ Kf5 39. f3 Nf6
40. Qe3 Nd7 41. Qd3+ Ke6 42. Re1+ Kxf7 43. Qxd7+ Kg8 44. Qe6+ Kh8 45. Re5 1-0

[Event "14th Ugra Governor's Cup"]
[Site "Khanty-Mansiysk RUS"]
[Date "2018.11.22"]
[Round "6.3"]
[White "Kabanov, Nikolai"]
[Black "Volkov, Sergey"]
[Result "0-1"]
[WhiteTitle "GM"]
[BlackTitle "GM"]
[WhiteElo "2481"]
[BlackElo "2568"]
[WhiteFideId "4127820"]
[BlackFideId "4122763"]
[EventDate "2018.11.17"]

1. e4 e6 2. d4 d5 3. e5 c5 4. c3 Nc6 5. Nf3 Bd7 6. Be2 cxd4 7. cxd4 Nge7 8. Nc3
Nf5 9. a3 Rc8 10. O-O a6 11. Bg5 Qb6 12. Na4 Qa7 13. Rc1 h6 14. Be3 Be7 15. Bd3
Nxe3 16. fxe3 O-O 17. Nc5 Nb8 18. Nxd7 Nxd7 19. Bb1 Qb6 20. Qd3 g6 21. Qd2 Kg7
22. Qf2 Rc6 23. h4 h5 24. e4 Qc7 25. Rce1 Nb6 26. Ng5 Bxg5 27. hxg5 Qd8 28. exd5
Nxd5 29. Qh4 Ne7 30. Rd1 Rc4 31. Qf2 Rc7 32. Rd2 Nd5 33. Qg3 Rd7 34. Rfd1 Rh8
35. Qh4 Ne3 36. Re1 Ng4 37. Re4 Qb6 38. Qe1 Rhd8 39. Qd1 Nxe5 40. Kh1 Ng4 41.
Qa4 0-1

[Event "14th Ugra Governor's Cup"]
[Site "Khanty-Mansiysk RUS"]
[Date "2018.11.22"]
[Round "6.4"]
[White "Rakhmanov, Aleksandr"]
[Black "Pridorozhni, Aleksei"]
[Result "1/2-1/2"]
[WhiteTitle "GM"]
[BlackTitle "GM"]
[WhiteElo "2634"]
[BlackElo "2574"]
[WhiteFideId "4173708"]
[BlackFideId "4127870"]
[EventDate "2018.11.17"]

1. d4 d5 2. c4 c6 3. cxd5 cxd5 4. Bf4 Nf6 5. Nc3 a6 6. e3 Nc6 7. Be2 e6 8. Nf3
Bd6 9. Ne5 Bxe5 10. Bxe5 Nxe5 11. dxe5 Nd7 12. f4 Qb6 13. Qd2 Nc5 14. O-O Bd7
15. f5 Bc6 16. Bg4 exf5 17. Bxf5 Ne4 18. Nxe4 dxe4 19. e6 O-O 20. exf7+ Kh8 21.
Bxh7 Kxh7 22. Rf4 Bb5 23. Qf2 g5 24. Rf6 Qc5 25. b4 Qe5 26. Rd1 Rad8 27. Rd4 Kg7
28. Rf5 Rxd4 29. exd4 e3 30. Qf3 Qe7 31. Qh5 e2 32. Rxg5+ Qxg5 33. Qxg5+ Kxf7
34. Qf5+ Kg7 35. Qg5+ Kh7 36. Qh5+ Kg7 37. Qg5+ Kh7 38. Qh5+ Kg7 39. Qg5+ Kh7
40. Qh5+ Kg7 1/2-1/2

[Event "14th Ugra Governor's Cup"]
[Site "Khanty-Mansiysk RUS"]
[Date "2018.11.22"]
[Round "6.5"]
[White "Ponkratov, Pavel"]
[Black "Drygalov, Andrey"]
[Result "1-0"]
[WhiteTitle "GM"]
[BlackTitle "IM"]
[WhiteElo "2628"]
[BlackElo "2497"]
[WhiteFideId "4157800"]
[BlackFideId "24171735"]
[EventDate "2018.11.17"]

1. c4 e5 2. Nc3 Nf6 3. g3 d5 4. cxd5 Nxd5 5. Bg2 Nb6 6. e3 Be7 7. Nge2 O-O 8.
O-O Nc6 9. f4 exf4 10. Nxf4 Re8 11. d4 Bf8 12. Kh1 Nc4 13. Qd3 Nd6 14. e4 Nb4
15. Qd1 c6 16. b3 Na6 17. Bb2 Nc7 18. Qd3 f6 19. Rad1 Nf7 20. Qc2 Bg4 21. Rd2
Qc8 22. Nd1 Bd7 23. Ne3 a5 24. e5 f5 25. Nh5 Nh6 26. g4 Qd8 27. Nxf5 Nxg4 28.
Rf4 Bxf5 29. Qxf5 Nh6 30. Qh3 Ne6 31. Rf1 Qg5 32. Rdf2 Rad8 33. d5 Bc5 34. Rf3
cxd5 35. Nf6+ Kh8 36. Nxe8 Rxe8 37. Rg3 Qd8 38. Bc1 Ng8 39. Rd3 d4 40. Be4 h6
41. Qh5 Rf8 42. Rg1 Qe8 43. Qg4 b6 44. Bd5 Ng5 45. Bxg5 hxg5 46. Qxg5 Qd7 47.
Be4 Nh6 48. Qg6 Rf5 49. Rh3 1-0

[Event "14th Ugra Governor's Cup"]
[Site "Khanty-Mansiysk RUS"]
[Date "2018.11.22"]
[Round "6.6"]
[White "Timofeev, Artyom"]
[Black "Belyakov, Bogdan"]
[Result "1/2-1/2"]
[WhiteTitle "GM"]
[BlackTitle "IM"]
[WhiteElo "2580"]
[BlackElo "2458"]
[WhiteFideId "4140419"]
[BlackFideId "24104795"]
[EventDate "2018.11.17"]

1. e4 e5 2. Nf3 Nc6 3. Bb5 Nf6 4. O-O Nxe4 5. Re1 Nd6 6. Nxe5 Be7 7. Bf1 Nxe5 8.
Rxe5 O-O 9. d4 Bf6 10. Re1 Re8 11. Rxe8+ Nxe8 12. d5 d6 13. Nd2 Bg5 14. Nc4 Bxc1
15. Rxc1 Qg5 16. Ne3 Qe5 17. c3 Nf6 18. Qd4 Bd7 19. Qb4 b6 20. Qc4 Rc8 21. Rd1
a5 22. Rd4 h6 23. a4 Qe8 24. h3 Qe7 25. Bd3 Kf8 26. Be2 Kg8 27. Bd1 Qe8 28. Bc2
Kf8 29. Rd1 Kg8 30. Re1 Kf8 31. f3 Qe5 32. f4 Qe7 33. Re2 Re8 34. Bd3 Qd8 35.
Qd4 Re7 36. b3 Qe8 37. c4 Qd8 38. Kf2 Re8 39. g4 Ng8 40. Kg3 Qf6 41. Qxf6 Nxf6
42. Kf3 Bc8 43. Nc2 Rxe2 44. Kxe2 g6 45. Nd4 Ke7 46. Kf3 1/2-1/2

[Event "14th Ugra Governor's Cup"]
[Site "Khanty-Mansiysk RUS"]
[Date "2018.11.22"]
[Round "6.7"]
[White "Lugovskoy, Maxim"]
[Black "Savitskiy, Sergey"]
[Result "1-0"]
[WhiteTitle "GM"]
[BlackTitle "IM"]
[WhiteElo "2428"]
[BlackElo "2413"]
[WhiteFideId "24126454"]
[BlackFideId "24105660"]
[EventDate "2018.11.17"]

1. Nf3 Nf6 2. d4 d5 3. c4 dxc4 4. g3 b5 5. a4 b4 6. Bg2 Bb7 7. O-O e6 8. Nbd2
Be7 9. Nxc4 O-O 10. Bg5 Nbd7 11. Na5 Bd5 12. Ne5 Bxg2 13. Kxg2 Qc8 14. e4 c5 15.
Nec6 Bd8 16. e5 h6 17. h4 Re8 18. exf6 hxg5 19. hxg5 Bxa5 20. Nxa5 gxf6 21. Qh5
Kf8 22. d5 fxg5 23. Nc6 1-0

[Event "14th Ugra Governor's Cup"]
[Site "Khanty-Mansiysk RUS"]
[Date "2018.11.22"]
[Round "6.8"]
[White "Svetlov, Dmitry"]
[Black "Shoboev, Dandar"]
[Result "1/2-1/2"]
[WhiteTitle "IM"]
[WhiteElo "2384"]
[BlackElo "2226"]
[WhiteFideId "24102610"]
[BlackFideId "44197012"]
[EventDate "2018.11.17"]

1. d4 Nf6 2. Nf3 d5 3. Bf4 c5 4. e3 Nc6 5. Nc3 a6 6. dxc5 e6 7. Na4 Bxc5 8. Nxc5
Qa5+ 9. c3 Qxc5 10. Bd3 O-O 11. O-O h6 12. Ne5 Nd7 13. Nxc6 Qxc6 14. Rc1 b5 15.
f3 Bb7 16. Qd2 Rad8 17. g4 e5 18. Bg3 e4 19. Be2 exf3 20. Bxf3 Nc5 21. Be5 Ne4
22. Qg2 f6 23. Bd4 Rfe8 24. Be2 Qe6 25. Rf4 Bc6 26. Bd3 Rd6 27. Rcf1 Qd7 28. h4
Bb7 29. Bc2 Rde6 30. Bd3 Rd6 31. Bc2 Rde6 32. Bd3 Rd6 33. Bc2 1/2-1/2

[Event "14th Ugra Governor's Cup"]
[Site "Khanty-Mansiysk RUS"]
[Date "2018.11.22"]
[Round "6.9"]
[White "Potapov, Pavel"]
[Black "Loskutov, Oleg"]
[Result "1-0"]
[WhiteTitle "GM"]
[BlackTitle "IM"]
[WhiteElo "2515"]
[BlackElo "2383"]
[WhiteFideId "4169786"]
[BlackFideId "4122593"]
[EventDate "2018.11.17"]

1. e4 c5 2. Nf3 d6 3. Nc3 Nf6 4. e5 dxe5 5. Nxe5 a6 6. a4 Nbd7 7. Nc4 g6 8. Be2
Nb6 9. O-O Bg7 10. Nxb6 Qxb6 11. a5 Qc7 12. d3 Be6 13. Bf3 Rd8 14. Re1 O-O 15.
Bg5 Rfe8 16. Qc1 Nd5 17. Ne4 Be5 18. g3 Nb4 19. Nd2 f6 20. Be3 Bf7 21. Nc4 Bxc4
22. dxc4 Nc6 23. c3 Nxa5 24. Qc2 b5 25. cxb5 axb5 26. Bxc5 Nc4 27. b4 Rd2 28.
Qe4 Nd6 29. Qe3 Nc4 30. Qh6 f5 31. Be2 Bxc3 32. Bxc4+ bxc4 33. Rac1 1-0

[Event "14th Ugra Governor's Cup"]
[Site "Khanty-Mansiysk RUS"]
[Date "2018.11.22"]
[Round "6.10"]
[White "Oganian, Miran"]
[Black "Bocharov, Dmitry"]
[Result "0-1"]
[WhiteTitle "IM"]
[BlackTitle "GM"]
[WhiteElo "2435"]
[BlackElo "2557"]
[WhiteFideId "4122488"]
[BlackFideId "4138716"]
[EventDate "2018.11.17"]

1. d4 Nf6 2. c4 g6 3. Nc3 Bg7 4. e4 d6 5. Nf3 O-O 6. Be2 e5 7. Be3 Ng4 8. Bg5 f6
9. Bh4 g5 10. Bg3 Nh6 11. d5 f5 12. exf5 Nxf5 13. Nd2 a5 14. Nde4 Na6 15. O-O b6
16. a3 Nc5 17. b4 axb4 18. axb4 Rxa1 19. Qxa1 Nxe4 20. Nxe4 g4 21. f3 Nd4 22.
Qe1 Bf5 23. Bd1 gxf3 24. Bxf3 Qe8 25. Rf2 Qg6 26. c5 Ra8 27. cxb6 cxb6 28. Rd2
Bh6 29. Bh5 Bxd2 30. Qxd2 Qg7 31. Nxd6 Bg6 32. Bd1 Ra1 33. h3 Bc2 34. Kh2 Bxd1
35. Ne4 Bf3 36. Qc3 Ra2 37. Qc8+ Qf8 38. Nf6+ Kf7 39. Qd7+ Qe7 40. Qc7 0-1

[Event "14th Ugra Governor's Cup"]
[Site "Khanty-Mansiysk RUS"]
[Date "2018.11.23"]
[Round "7.2"]
[White "Sjugirov, Sanan"]
[Black "Ponkratov, Pavel"]
[Result "1-0"]
[WhiteTitle "GM"]
[BlackTitle "GM"]
[WhiteElo "2654"]
[BlackElo "2628"]
[WhiteFideId "4189302"]
[BlackFideId "4157800"]
[EventDate "2018.11.17"]

1. e4 e5 2. Nf3 Nf6 3. Nxe5 d6 4. Nf3 Nxe4 5. Nc3 Nf6 6. d4 Be7 7. Bd3 O-O 8. h3
b6 9. Ne2 Bb7 10. Ng3 Re8 11. O-O Nbd7 12. Bf4 Bf8 13. c4 g6 14. d5 Ne5 15. Nd4
Ba6 16. Nc6 Qd7 17. Nxe5 dxe5 18. Bg5 Be7 19. Re1 e4 20. Bf1 c6 21. Qd4 Qd6 22.
Rxe4 h6 23. Bxh6 cxd5 24. Rxe7 Rxe7 25. Bf4 Qc6 26. Bg5 Bxc4 27. Bxf6 Re6 28.
Bg5 Bxf1 29. Rxf1 Qc4 30. Be3 Qxd4 31. Bxd4 b5 32. a3 a5 33. Rc1 b4 34. axb4
axb4 35. f3 f6 36. Kf2 Raa6 37. Rc8+ Kf7 38. Rb8 Rac6 39. Rxb4 Rc2+ 40. Kg1 f5
41. Bc3 Ra6 42. h4 Ke6 43. h5 gxh5 44. Nxh5 Ra1+ 45. Kh2 Rd1 46. Ng7+ 1-0

[Event "14th Ugra Governor's Cup"]
[Site "Khanty-Mansiysk RUS"]
[Date "2018.11.23"]
[Round "7.3"]
[White "Rozum, Ivan"]
[Black "Lugovskoy, Maxim"]
[Result "1-0"]
[WhiteTitle "GM"]
[BlackTitle "GM"]
[WhiteElo "2573"]
[BlackElo "2428"]
[WhiteFideId "24104272"]
[BlackFideId "24126454"]
[EventDate "2018.11.17"]

1. e4 e6 2. d4 d5 3. Nd2 a6 4. Ngf3 Bd7 5. Bd3 Bb5 6. O-O Bxd3 7. cxd3 Nf6 8.
Qc2 Be7 9. Nb3 O-O 10. Bf4 c6 11. Nc5 Qc8 12. Rac1 h6 13. Rfe1 Nbd7 14. h3 Rd8
15. Bg3 Nh5 16. Bh2 Nhf6 17. a3 a5 18. Qc3 a4 19. Qc2 Nxc5 20. dxc5 dxe4 21.
dxe4 Ra5 22. Bd6 Bxd6 23. cxd6 e5 24. Qc3 Rb5 25. Nxe5 Re8 26. f4 Qe6 27. Rcd1
Nh5 28. Nf3 Nxf4 29. Qd2 Qf6 30. e5 Nxh3+ 31. Kh2 Qf5 32. Nd4 Qh5 33. Qe2 Qxe2
34. Rxe2 Rd5 35. Kxh3 c5 36. Red2 cxd4 37. Rxd4 Rdxe5 38. Rxa4 Rd8 39. Rc4 Kf8
40. Rc7 Re3+ 41. g3 Rb3 42. Rd2 h5 43. Kh4 f6 44. g4 hxg4 45. Kxg4 Kg8 46. Kf4
Kf8 47. Rh2 Kg8 48. Rg2 g5+ 49. Kf5 Rxd6 50. Kg6 f5+ 51. Kxg5 Kf8 52. Rh2 Kg8
53. Kxf5 b6 54. Rb7 Rb5+ 55. Ke4 Re6+ 56. Kd4 Ree5 57. Rd7 Rg5 58. Rc2 Rg4+ 59.
Ke3 Rb3+ 60. Kd2 Rg2+ 61. Kc1 Rg1+ 62. Rd1 Rg6 63. Rc7 Rf3 64. Rd8+ Rf8 65. Rdd7
Re8 66. Kb1 Rb8 67. Ka2 Kf8 68. Rh7 Kg8 69. Rb7 Rd8 70. a4 Ra8 71. b3 b5 72. Ra7
Rxa7 73. Rxa7 bxa4 74. Rxa4 Kf7 75. Re4 Ra6+ 76. Kb2 Ra8 77. b4 Kf6 78. Kb3 Kf5
79. Re1 Rb8 80. Kc4 Rc8+ 81. Kd5 Rd8+ 82. Kc6 Rc8+ 83. Kb7 1-0

[Event "14th Ugra Governor's Cup"]
[Site "Khanty-Mansiysk RUS"]
[Date "2018.11.23"]
[Round "7.4"]
[White "Rakhmanov, Aleksandr"]
[Black "Sarana, Alexey"]
[Result "1/2-1/2"]
[WhiteTitle "GM"]
[BlackTitle "GM"]
[WhiteElo "2634"]
[BlackElo "2631"]
[WhiteFideId "4173708"]
[BlackFideId "24133795"]
[EventDate "2018.11.17"]

1. Nf3 d5 2. d4 Nf6 3. c4 e6 4. e3 Be7 5. b3 O-O 6. Bd3 c5 7. O-O Nc6 8. Bb2
cxd4 9. exd4 b6 10. Nbd2 Bb7 11. Qe2 Rc8 12. Rad1 Re8 13. Rfe1 Bf8 14. Bb1 g6
15. Ne5 Bg7 16. Ndf3 Qe7 17. Bd3 Red8 18. h3 Nd7 19. cxd5 Ncxe5 20. dxe5 Bxd5
21. Be4 Bxe4 22. Qxe4 Nc5 23. Qe2 Qb7 24. Rxd8+ Rxd8 25. Rd1 Rxd1+ 26. Qxd1 Qe4
27. Bd4 Nd7 28. Bc3 Qc6 29. Qd4 a6 30. Bb4 h6 31. Bd6 Qc2 32. Qa4 Qc8 33. Qd4
Qc2 34. Qa4 Qc8 35. Qd4 Qc2 1/2-1/2